Pays de l'Union européenne sur une carte - Statistiques

Statistiques générales
  • Ce quiz a été pris 16 345 fois
  • Le résultat moyen est 25 sur 27
Réponses sur la Carte
Les réponses sont colorées sur une échelle allant du rouge au vert en fonction du pourcentage des utilisateurs qui les ont devinées à leur premier essai. Vous pouvez retrouver ces pourcentages ci-dessous.
 
Statistiques - réponses
Pays % Correct
Espagne
99%
France
99%
Allemagne
98%
Italie
98%
Portugal
98%
Belgique
97%
Irlande
95%
Luxembourg
95%
Pays-Bas
94%
Suède
94%
Grèce
93%
Finlande
92%
Lituanie
92%
Pologne
92%
Estonie
91%
Danemark
90%
Lettonie
90%
Autriche
89%
Croatie
87%
Roumanie
87%
Hongrie
85%
Chypre
84%
République tchèque
83%
Bulgarie
82%
Malte
82%
Slovaquie
82%
Slovénie
81%
Aucun quiz correspondant
Distribution des résultats
% des personnes avec chaque résultat
Percentile par nombre de réponses
Votre historique - résultats
Vous n’avez pas pris ce quiz